000 00580 a2200169 4500
020 _a0691048339
020 _a9780691048338
082 _a514.72
090 _c917
_d917
100 1 _aMilnor, John Willard.
245 1 0 _aTopology from the differentiable viewpoint /
_cJohn Willard Milnor.
260 _a[S.l.] :
_bPrinceton University Press,
_c1965
300 _a76 p. ;
_c23 cm.
700 _aMilnor, John Willard.
942 _aSNS
_cBK
_k514.72 MIL
999 _c29539
_d29539